=LDR 00000nam 2200000 4500 =001 INLIS000000000028659 =005 20130612130939 =008 ***********************************Ind** =035 ##$$0010-061300000028659 =041 ##$$a Ind =082 ##$$a 616.08 =090 ##$$a 616.08, Ken b =100 ##$$a Kenyon, F.E =245 ##$$a Psikologi populer berpikir sehat mengatasi kekhawatiran akan kesehatan, Dr. F.E Kenyon =260 ##$$a 1990 $b Jakarta =300 ##$$a vii, 152 hlm, 21 cm =650 ##$$a Kesenian-aspek psikologi =850 ##$$a NBPNMAT